Score 0/27 Timer 03:00
0 Plays Today
Hint 4-Letter Word % Correct
★ ____ A GIRL WANTS ★★ WHAT ★
97.1%
★ POP ____ THE WEASEL ★★ GOES (UP) ★
95.4%
FewerLESS
91.8%
★ ____ ALL YE FAITHFUL ★★ COME ★
91%
Insect drawn to the lightMOTH
90.3%
★ ALL GOOD THINGS ____ PASS ★★ MUST ★
89.7%
'Judge not, ____ ye be judged'LEST
89.2%
One who dresses in all blackGOTH
88.6%
Carnal desireLUST
88.4%
Thorny bloomROSE
86.9%
Sock dwellersTOES
84.7%
Seven hills cityROME
83.3%
Kind of cyber roomCHAT
79.5%
D'urberville girlTESS
78.9%
Hint 4-Letter Word % Correct
Original revolverCOLT
78.6%
★ WATERSHIP ____★ DOWN ★
78.6%
Shed skin like a reptileMOLT
78.5%
Deceptive tacticRUSE
75.2%
Tiger's pegs?TEES
74.6%
PonderMUSE
74.4%
Suffragette LucretiaMOTT
73.2%
Relative of gollyGOSH
71.8%
Ulster or duster, e.g.COAT
69.6%
Central massCORE
67.7%
Porter who headed the CIAGOSS
65.1%
Pop, sweet, or candy followerCORN
64.5%
Worf actor Michael ____DORN
60.6%

Today's Daily Dose

Missing Word
I Hardly Know Her!

Word Ladder
Sentence Ending

Quick Pick
Female Firsts

Get the Picture
Triathlon Sports

Remove Ads.
Support Sporcle.
Get the best of Sporcle when you Go Orange. This ad-free experience offers more features, more stats, and more fun while also helping to support Sporcle. Thank you for becoming a member.

You're not logged in!

Compare scores with friends on all Sporcle quizzes.
OR
Log In

Show Comments

Extras

Top Quizzes Today


Score Distribution

Your Account Isn't Verified!

In order to create a playlist on Sporcle, you need to verify the email address you used during registration. Go to your Sporcle Settings to finish the process.

Report this User

Report this user for behavior that violates our Community Guidelines.

Details: